000 00572nam a2200193Ia 4500
005 20250507130352.0
008 008 250505s9999 xx 000 0 eng d
020 _a978-1-84340-207-7
037 _aAnnuals, Advances
040 _aEASL
_beng
_cEASL
041 _aeng
_2eng
084 _aY54.42, P4
_qEASL
100 _aTurnbull Stephen Au.
_9665150
245 0 _aSamurai : The story of Japan's Noble warriors
260 _aUK
_bLondon Collins and Brown
_c2004
300 _a256p.
942 _cTEXL
_hY54.42, P4
999 _c1319286
_d1319286